000
00273nam a2200109Ia 4500
008
190914s9999||||xx |||||||||||||| ||und||
100
_a
Raghbendra Jha
245
0
_a
Macroeconomics for Developing Countries
260
_a
New York
_b
Addison
_c
1999
300
_a
433
942
_c
BK
999
_c
8938
_d
8938